000 01099cab a22001815a 4500
001 L144829
008 080812s2008 xxk f 000 0 eng d
035 _a(Sirsi) u144829
041 0 _aeng
100 1 _aRuby, Susan
245 0 2 _aA response to Buch and Roda's analysis of the subprime crisis
260 _c2008
490 _aReal Estates Review
_v37(2) 2008, 17-29(13)
520 _aPublished in response to 'Possible causes of the current subprime mortgage loan crisis' (L143640), this article analyzes Buch and Rhoda's review. It provides four generalised areas where the author believes that the authors of the previous study have provided overly simplistic statistics and definition. These are: 'geographic'; 'aggregation'; 'definitional' and 'institutional'. The article was published with the aim of assisting with the tightening of underwriting standards, while still allowing for some provision to subprime finance.
651 4 _aUnited States
_y1959-
690 _aPROPERTY-RESIDENTIAL PROPERTY-RESIDENTIAL PROPERTY FINANCE AND INVESTMENT-MORTAGING RESIDENTIAL PROPERTY
942 _n0
999 _c80608
_d80608